| 000 | 00680nam a22002297a 4500 | ||
|---|---|---|---|
| 003 | UA-OsUOA | ||
| 001 | 28896 | ||
| 007 | ta | ||
| 008 | 20050512b un ||||| |||| 00| 0 ukr d | ||
| 090 |
_a94(47+57) _bА23 |
||
| 942 | _cBK | ||
| 040 |
_aUA-OsUOA _brus _cUA-OsUOA _dUA-OsUOA |
||
| 245 |
_aС древнейших времен до великой октябрькой социалистической революции _cРед. Б. А.Рыбаков Л. Г.Бескровный |
||
| 300 |
_a632 с. _bІлюстрації |
||
| 955 | _a0 | ||
| 041 | _arus | ||
| 080 | _a94(47+57) | ||
| 260 |
_aМ. _bНаука _c1966 |
||
| 044 | _aRU | ||
| 650 | 7 | _2UDC | |
| 999 |
_c315270 _d315270 |
||